000 00872nam a2200289 i 4500
003 EG-GICUC
005 20260301193056.0
008 260223s1985 fr ||||fr|||| 00| 0 fre d
020 _a9287103984
040 _aEG-GiCUC
_bfre
_cEG-GiCUC
_dEG-GiCUC
_erda
082 0 4 _221
_a341.48
_bDR
092 0 4 _221
099 _aLaw1 11 341.48 DR 1985
245 0 0 _aDroits De L'homme en Droit International /
_b
_c
_n
264 1 _aStrasbourg :
_bDirection Des Droits De L'homme,
_c1985.
300 _a267pages :
_billustrations,
_c24 cm
336 _2rda content
_atext
337 _2rda media
_aComputer
338 _2rda carrier
_aOnline Resource
504 _a
546 _aTexte en français
650 1 4 _aDroit international public
_2
651 1 _2
856 4 0 _uhttps://fll.law.cu.edu.eg/fulltext/bks/B11-07952.pdf
905 _a50
942 _2ddc
_cBK
_e21
_n0
999 _c64085
_d64085